|
|
|
|
| LEADER |
00000cam a2200000 7i4500 |
| 001 |
0000014654 |
| 005 |
20080304.0 |
| 008 |
080304 |
| 020 |
|
|
|a 9833376843
|
| 090 |
0 |
0 |
|a 657.45092
|b IDA
|
| 100 |
0 |
|
|a Ida Rizyani Tahir
|
| 245 |
1 |
0 |
|a Kerjaya sebagai juruaudit
|c Ida Rizyani Tahir
|
| 260 |
|
|
|a Pahang :
|b PTS Millenia Sdn Bhd ,
|c 2006
|
| 440 |
|
|
|a Siri pendidikan kerjaya
|
| 650 |
|
0 |
|a Auditing
|
| 650 |
|
0 |
|a Auditors
|
| 650 |
|
0 |
|a Auditors
|z Malaysia
|
| 999 |
|
|
|a 0000921981
|b Book
|c Adult Collection
|e Cawangan Bukit Gambir
|
| 999 |
|
|
|a 0000921982
|b Book
|c Adult Collection
|e Cawangan Bukit Gambir
|
| 999 |
|
|
|a 0000932807
|b Book
|c Adult Collection
|e Cawangan Tangkak
|
| 999 |
|
|
|a 0000932808
|b Book
|c Adult Collection
|e Cawangan Tangkak
|
| 999 |
|
|
|a 0000932809
|b Book
|c Adult Collection
|e Cawangan Tangkak
|
| 999 |
|
|
|a 0001014627
|b Book
|c Adult Collection
|e Cawangan Urban Transformation Centre
|
| 999 |
|
|
|a 0001014628
|b Book
|c Adult Collection
|e Perbadanan Perpustakaan Awam Johor
|